| 000 | 00526nam a22001697a 4500 | ||
|---|---|---|---|
| 005 | 20251105143842.0 | ||
| 008 | 251105b |||||||| |||| 00| 0 eng d | ||
| 020 | _a9780071107914 | ||
| 050 |
_aT353 _b.B4515 |
||
| 100 | _aBertoline, Gary R. | ||
| 245 |
_aFundamentals of Graphics Communication _cGary R. Bertoline & Eric N. Wiebe |
||
| 250 | _a5th ed. | ||
| 260 |
_aBoston _bMcGraw Hill Higher Education _c2007 |
||
| 300 |
_axxvi. various paging _bill. color _c25.5cm |
||
| 700 | _aWiebe, Eric N. | ||
| 942 |
_2lcc _cBK _e5th ed. _n0 |
||
| 999 |
_c8077 _d8077 |
||